<?xml version="1.0" encoding="UTF-8"?>
<record
    xmlns:xsi="http://www.w3.org/2001/XMLSchema-instance"
    xsi:schemaLocation="http://www.loc.gov/MARC21/slim http://www.loc.gov/standards/marcxml/schema/MARC21slim.xsd"
    xmlns="http://www.loc.gov/MARC21/slim">

  <leader>01493nam a22002177a 4500</leader>
  <controlfield tag="005">20200104041623.0</controlfield>
  <controlfield tag="008">140224s2012    ko abd gr2   o10| 0 eng d</controlfield>
  <datafield tag="041" ind1=" " ind2=" ">
    <subfield code="a">eng</subfield>
  </datafield>
  <datafield tag="082" ind1=" " ind2=" ">
    <subfield code="a">333.72</subfield>
    <subfield code="b">U58s</subfield>
  </datafield>
  <datafield tag="111" ind1="2" ind2=" ">
    <subfield code="a">International Symposium on Research of Biodiversity's Conservation and Cooperation for the Green Future</subfield>
    <subfield code="c">Seoul</subfield>
    <subfield code="d">2011 - 2020</subfield>
    <subfield code="9">20466</subfield>
  </datafield>
  <datafield tag="242" ind1="1" ind2="0">
    <subfield code="a">Simposio : </subfield>
    <subfield code="b">Internacional en la Investigaci&#xF3;n de la Conservaci&#xF3;n de la Biodiversidad y la Cooperaci&#xF3;n por el Futuro Verde</subfield>
    <subfield code="c">Charles Besancon</subfield>
    <subfield code="y">spa</subfield>
  </datafield>
  <datafield tag="245" ind1="1" ind2="0">
    <subfield code="a">Symposium : </subfield>
    <subfield code="b">International Research of Biodiversity's Conservation and Cooperation for the Green Future</subfield>
    <subfield code="c">Charles Besancon</subfield>
  </datafield>
  <datafield tag="260" ind1="3" ind2=" ">
    <subfield code="a">Seoul</subfield>
    <subfield code="b">United Nations Decade on Biodiversity</subfield>
    <subfield code="c">2012</subfield>
  </datafield>
  <datafield tag="300" ind1=" " ind2=" ">
    <subfield code="a">179 p.</subfield>
    <subfield code="b">il., fot., mapas, tablas, gr&#xE1;fias</subfield>
    <subfield code="c">30 cm</subfield>
  </datafield>
  <datafield tag="505" ind1="2" ind2=" ">
    <subfield code="a">Discurso Clave : Plan Estrat&#xE9;gico, Pol&#xED;tica Nacional de Colombia ; Secci&#xF3;n 1 : Cooperaci&#xF3;n Internacional por la Conservaci&#xF3;n de la Biodiversidad en Myanmar, IEBR Colaboraci&#xF3;n Internacional en Inventigaciones de Biodiversidad en Vietnam, Cooperaci&#xF3;n Internacional en Conservaci&#xF3;n de la Biodiversidad en Korea ; Secci&#xF3;n 2 : Tendencias y Perspectivas de la Lista Roja, Investigaci&#xF3;n de la Biodiversidad en Mongolia y Perspectivas Futuras, Vida Salvaje +</subfield>
  </datafield>
  <datafield tag="590" ind1=" " ind2=" ">
    <subfield code="a">242 Es el titulo traducido por la agencia catalogadora</subfield>
  </datafield>
  <datafield tag="650" ind1=" " ind2="4">
    <subfield code="a">Pol&#xED;tica ambiental</subfield>
    <subfield code="z">Colombia</subfield>
    <subfield code="9">20467</subfield>
  </datafield>
  <datafield tag="650" ind1=" " ind2="4">
    <subfield code="a">Conservaci&#xF3;n de la Biodiversidad</subfield>
    <subfield code="9">56</subfield>
  </datafield>
  <datafield tag="700" ind1="1" ind2=" ">
    <subfield code="a">Bensancon, Charles</subfield>
    <subfield code="9">9944</subfield>
  </datafield>
  <datafield tag="942" ind1=" " ind2=" ">
    <subfield code="2">ddc</subfield>
    <subfield code="c">Impreso</subfield>
  </datafield>
  <datafield tag="999" ind1=" " ind2=" ">
    <subfield code="c">8140</subfield>
    <subfield code="d">8140</subfield>
  </datafield>
  <datafield tag="952" ind1=" " ind2=" ">
    <subfield code="0">0</subfield>
    <subfield code="1">0</subfield>
    <subfield code="2">ddc</subfield>
    <subfield code="4">0</subfield>
    <subfield code="7">0</subfield>
    <subfield code="8">GENERAL</subfield>
    <subfield code="I">INV2017</subfield>
    <subfield code="a">Bogota</subfield>
    <subfield code="b">Bogota</subfield>
    <subfield code="d">2014-02-24</subfield>
    <subfield code="e">Instituto</subfield>
    <subfield code="g">39000.00</subfield>
    <subfield code="l">0</subfield>
    <subfield code="o">LB-333.72 U58s</subfield>
    <subfield code="p">034057</subfield>
    <subfield code="r">2014-02-24 00:00:00</subfield>
    <subfield code="t">Ej. 1</subfield>
    <subfield code="w">2014-02-24</subfield>
    <subfield code="x">Donaci&#xF3;n</subfield>
    <subfield code="y">LIBRO</subfield>
  </datafield>
</record>
